000 00258nam a22001217a 4500
008 170420b xxu||||| |||| 00| 0 eng d
041 _aALB
080 _a573
100 _a11
101 _aSHM
245 _aBIMET DHE MIKROBET
_cHOXHA, I.F
942 _2udc
_cBK
999 _c11368
_d11368